National Accounts of OECD Countries Main Aggregates

Gespeichert in:
Bibliographische Detailangaben
Format: Buch
Sprache:Englisch
Veröffentlicht: Paris OECD 2017
Schlagworte:
Tags: Tag hinzufügen
Keine Tags, Fügen Sie das erste Tag hinzu!

MARC

LEADER 00000nam a2200000 4500
001 0241563
005 20240221115848.8
020 |a 978-92-64-27956-8 
041 0 |a eng 
044 |a FR 
245 1 0 |a National Accounts of OECD Countries  |b Main Aggregates 
264 1 |a Paris  |b OECD  |c 2017 
300 |a 187 s. 
610 2 0 |a účty národné 
610 2 0 |a produkt domáci hrubý 
610 2 0 |a výdavky 
610 2 0 |a príjmy 
610 2 0 |a úspory 
610 2 0 |a pôžičky 
610 2 0 |a populácia 
610 2 0 |a zamestnanosť 
610 2 0 |a ceny 
610 2 0 |a parita sily kúpnej 
610 2 0 |a kurz devízový 
610 2 0 |a spotreba individuálna 
610 2 0 |a porovnanie štatistické medzinárodné